000
00338 a2200157 4500
001
177148
020
_a
040
_c
Magnum
100
_a
Werneck, Leny
240
1
0
_a
A musica dos instrumentos
_l
por
245
1
0
_a
A musica dos instrumentos
362
0
_a
1899
440
1
_a
Melhoramentos
697
_a
MAGNITO: MUSICA
942
_c
BK
999
_c
177148
_d
177148